[Event "EU-Cup 38th"]
[Site "Durres"]
[Date "2023.10.05"]
[Round "5.1"]
[White "Donchenko, Alexander"]
[Black "Heimann, Andreas"]
[Result "1-0"]
[WhiteElo "2676"]
[BlackElo "2552"]
[PlyCount "87"]
[EventDate "2023.10.01"]
[EventType "team-swiss"]
[EventRounds "7"]
[EventCountry "ALB"]
[SourceTitle "EXT 2024"]
[Source "ChessBase"]
[SourceDate "2023.10.10"]
[SourceVersion "1"]
[SourceVersionDate "2023.10.10"]
[SourceQuality "1"]
[WhiteTeam "Turkish Airlines"]
[BlackTeam "Riehen"]
[WhiteTeamCountry "TUR"]
[BlackTeamCountry "SUI"]

1. d4 Nf6 2. c4 e6 3. Nf3 d5 4. g3 Bb4+ 5. Bd2 Be7 6. Bg2 0-0 7. 0-0 c6 8. Qc2 Nbd7 9. Rc1 b6 10. a4 Bb7 11. a5 c5 12. a6 Bc6 13. cxd5 exd5 14. dxc5 bxc5 15. Ba5 Qc8 16. b4 Bb5 17. bxc5 Bxc5 18. Nc3 Bxa6 19. Ng5 h6 20. Nh3 Bc4 21. e3 Bb6 22. Nf4 Bxa5 23. Rxa5 Nb6 24. e4 Qb8 25. exd5 Qd6 26. Ne4 Nxe4 27. Qxe4 Rfc8 28. Qd4 Bb3 29. Rca1 g6 30. h4 Rc7 31. Re1 Rd8 32. Kh2 Rc4 33. Qd2 Ra4 34. Rxa4 Bxa4 35. Qa5 Qc7 36. Ra1 Bb3 37. Ra3 Bc4 38. Qc3 Qe7 39. Ra5 h5 40. Qd4 Rd7 41. Rc5 Ba6 42. Rc6 Rd6 43. Qc5 Rd7 44. Qc3 1-0

[Event "SUI-chT"]
[Site "Switzerland"]
[Date "2023.04.30"]
[Round "2.1"]
[White "Moor, Roger"]
[Black "Heimann, Andreas"]
[Result "0-1"]
[WhiteElo "2363"]
[BlackElo "2561"]
[PlyCount "92"]
[EventDate "2023.04.16"]
[EventType "team-tourn"]
[EventRounds "9"]
[EventCountry "SUI"]
[SourceTitle "EXT 2024"]
[Source "ChessBase"]
[SourceDate "2023.10.10"]
[SourceVersion "1"]
[SourceVersionDate "2023.10.10"]
[SourceQuality "1"]
[WhiteTeam "Wollishofen"]
[BlackTeam "Riehen"]
[WhiteTeamCountry "SUI"]
[BlackTeamCountry "SUI"]

1. c4 Nf6 2. g3 e5 3. Bg2 c6 4. d4 e4 5. d5 Bb4+ 6. Bd2 Qe7 7. Nc3 0-0 8. a3 Bxc3 9. Bxc3 cxd5 10. cxd5 d6 11. Nh3 Bf5 12. 0-0 Nbd7 13. f3 Rfe8 14. g4 Bg6 15. g5 Nh5 16. f4 f6 17. e3 fxg5 18. Nxg5 Nhf6 19. Bh3 Bh5 20. Be6+ Kh8 21. Qe1 Nf8 22. Qh4 Nxe6 23. dxe6 Rac8 24. f5 Rxc3 25. bxc3 d5 26. c4 Qc5 27. cxd5 Qxe3+ 28. Kh1 h6 29. Rae1 Qxg5 30. Qxg5 hxg5 31. d6 Rd8 32. d7 Kg8 33. h4 gxh4 34. Rc1 Nxd7 35. exd7 Rxd7 36. f6 Bf3+ 37. Kh2 Rd2+ 38. Kh3 Bg2+ 39. Kxh4 Bxf1 40. Rxf1 e3 41. fxg7 Kxg7 42. Re1 e2 43. Kg4 Kf6 44. Kf4 Ra2 45. Ke4 Ke6 46. Kd4 Kf5 0-1

[Event "Bundesliga 2223"]
[Site "Germany"]
[Date "2023.03.18"]
[Round "10.7"]
[White "Heimann, Andreas"]
[Black "Lampert, Jonas"]
[Result "1-0"]
[WhiteElo "2573"]
[BlackElo "2537"]
[PlyCount "85"]
[EventDate "2022.10.21"]
[EventType "team-tourn"]
[EventRounds "15"]
[EventCountry "GER"]
[SourceTitle "CBM 213 Extra"]
[Source "ChessBase"]
[SourceDate "2023.05.31"]
[SourceVersion "1"]
[SourceVersionDate "2023.05.31"]
[SourceQuality "1"]
[WhiteTeam "Deizisau"]
[BlackTeam "Hamburger SK"]
[WhiteTeamCountry "GER"]
[BlackTeamCountry "GER"]

1. e4 e5 2. Nf3 Nc6 3. Bb5 a6 4. Ba4 Nf6 5. 0-0 Bc5 6. c3 b5 7. Bc2 d5 8. d4 dxe4 9. dxe5 exf3 10. Qxd8+ Nxd8 11. exf6 gxf6 12. Re1+ Be7 13. Be4 Bb7 14. g3 Bxe4 15. Rxe4 Ne6 16. Nd2 f5 17. Re1 f4 18. Nxf3 fxg3 19. hxg3 Rd8 20. a4 b4 21. Bd2 Rd3 22. Kg2 c5 23. Re4 a5 24. Rh1 Bf6 25. Rh5 bxc3 26. bxc3 0-0 27. Bh6 Rb8 28. Rg4+ Kh8 29. Rf5 Bxc3 30. Rxf7 Rg8 31. Rh4 Bg7 32. Bxg7+ Rxg7 33. Rf6 Rd6 34. Ne5 Kg8 35. Kh2 Ra6 36. Rhh6 Re7 37. Nc4 Re8 38. f4 Kg7 39. f5 Ng5 40. Rxa6 Re2+ 41. Kg1 Nf3+ 42. Kf1 Rc2 43. Rhc6 1-0

[Event "GER CupT"]
[Site "Germany"]
[Date "2023.03.11"]
[Round "3.3"]
[White "Heimann, Andreas"]
[Black "Fedorchuk, Sergey A"]
[Result "1-0"]
[WhiteElo "2549"]
[BlackElo "2636"]
[PlyCount "105"]
[EventDate "2023.01.28"]
[EventType "team-k.o."]
[EventRounds "4"]
[EventCountry "GER"]
[SourceTitle "EXT 2024"]
[Source "ChessBase"]
[SourceDate "2023.10.10"]
[SourceVersion "1"]
[SourceVersionDate "2023.10.10"]
[SourceQuality "1"]
[WhiteTeam "Schachfreunde Deizisau"]
[BlackTeam "Viernheim"]
[WhiteTeamCountry "GER"]
[BlackTeamCountry "GER"]

1. e4 c5 2. Nf3 e6 3. d4 cxd4 4. Nxd4 Nc6 5. Nc3 d6 6. Be3 a6 7. f4 Bd7 8. Be2 Nf6 9. 0-0 Be7 10. Kh1 0-0 11. a4 Re8 12. Nb3 b6 13. Bd3 Qc7 14. Qf3 Bf8 15. Rae1 Nb4 16. Nd4 Qb7 17. Qg3 Nxd3 18. cxd3 b5 19. axb5 Bxb5 20. Ncxb5 axb5 21. Nf3 b4 22. f5 e5 23. Bg5 Be7 24. Bh6 Bf8 25. Bg5 Be7 26. Bh6 Bf8 27. Nd2 d5 28. Bg5 Ra6 29. Bxf6 Rxf6 30. d4 exd4 31. e5 Rh6 32. Nf3 d3 33. Qf4 Rc6 34. f6 g6 35. Nd4 Rc7 36. e6 fxe6 37. Rxe6 Rec8 38. Nf3 d4 39. Ng5 d2 40. f7+ Rxf7 41. Nxf7 d1Q 42. Rxd1 Qxf7 43. Rf6 Qb3 44. Qd2 Bh6 45. Qe2 Be3 46. Rdf1 Qd5 47. Qa6 Ra8 48. Qb6 b3 49. Rd6 Qf5 50. Qxb3+ Kg7 51. Qd1 Qb5 52. Qf3 Kh6 53. Rd5 1-0

[Event "Bundesliga 2223"]
[Site "Germany"]
[Date "2022.10.21"]
[Round "7.4"]
[White "Dragnev, Valentin"]
[Black "Heimann, Andreas"]
[Result "1/2-1/2"]
[WhiteElo "2544"]
[BlackElo "2573"]
[PlyCount "105"]
[EventDate "2022.10.21"]
[EventType "team-tourn"]
[EventRounds "15"]
[EventCountry "GER"]
[SourceTitle "CBM 211"]
[Source "ChessBase"]
[SourceDate "2022.12.31"]
[SourceVersion "1"]
[SourceVersionDate "2022.12.31"]
[SourceQuality "1"]
[WhiteTeam "Bayern Muenchen"]
[BlackTeam "Deizisau"]
[WhiteTeamCountry "GER"]
[BlackTeamCountry "GER"]

1. e4 e5 2. Nf3 Nc6 3. Bb5 a6 4. Ba4 Nf6 5. 0-0 Nxe4 6. d4 Be7 7. Re1 b5 8. Rxe4 d5 9. Nxe5 Nxe5 10. Bxb5+ axb5 11. Rxe5 0-0 12. Bf4 g5 13. Bg3 f5 14. f4 Bd6 15. Re1 gxf4 16. Bf2 f3 17. Qxf3 c6 18. Nd2 f4 19. Qh5 Bf5 20. c3 Ra7 21. Bh4 Qd7 22. Qh6 Bg6 23. Nf3 Be4 24. Ng5 Re8 25. h3 Raa8 26. Qf6 Bg6 27. Rxe8+ Rxe8 28. Re1 Rxe1+ 29. Bxe1 Qe7 30. Qxe7 Bxe7 31. Ne6 f3 32. gxf3 Bf5 33. Nf4 Bg5 34. Bd2 Kf7 35. Kg2 Bxf4 36. Bxf4 Bb1 37. a3 Kg6 38. Kf2 Bc2 39. Ke2 Kf5 40. Bc1 Bb3 41. Kd3 Bd1 42. Kd2 Bxf3 43. Kc2 Ke6 44. Kb3 Kd7 45. Kb4 Kc7 46. b3 h5 47. h4 Bd1 48. a4 bxa4 49. bxa4 Kb7 50. a5 Be2 51. Bg5 Bf1 52. Kc5 Be2 53. Kd6 1/2-1/2

[Event "EU-Cup 37th"]
[Site "Mayrhofen"]
[Date "2022.10.09"]
[Round "7.1"]
[White "Heimann, Andreas"]
[Black "Rodshtein, Maxim"]
[Result "1/2-1/2"]
[WhiteElo "2573"]
[BlackElo "2602"]
[PlyCount "129"]
[EventDate "2022.10.03"]
[EventType "team-swiss"]
[EventRounds "7"]
[EventCountry "AUT"]
[SourceTitle "CBM 210 Extra"]
[Source "ChessBase"]
[SourceDate "2022.11.30"]
[SourceVersion "1"]
[SourceVersionDate "2022.11.30"]
[SourceQuality "1"]
[WhiteTeam "Riehen SG"]
[BlackTeam "Beer Sheva"]
[WhiteTeamCountry "SUI"]
[BlackTeamCountry "ISR"]

1. e4 c6 2. d4 d5 3. Nc3 dxe4 4. Nxe4 Bf5 5. Ng3 Bg6 6. h4 h6 7. Nf3 Nd7 8. Bd3 Bxd3 9. Qxd3 e6 10. Bf4 Qa5+ 11. Bd2 Qc7 12. 0-0-0 Ngf6 13. Ne4 Rd8 14. Rhe1 Nxe4 15. Qxe4 Nf6 16. Qe2 Be7 17. Kb1 0-0 18. Bc1 c5 19. dxc5 Bxc5 20. Ne5 Qb6 21. Ng4 Nxg4 22. Qxg4 Rd4 23. Rxd4 Bxd4 24. Rd1 Bf6 25. Rd2 Rc8 26. g3 Rc5 27. Qa4 Rf5 28. f4 h5 29. Rd3 Rb5 30. b3 Kh7 31. Qe4+ Rf5 32. Be3 Qc7 33. Bd4 b5 34. Bxf6 gxf6 35. Qa8 Qc5 36. Rd8 Rd5 37. Rh8+ Kg6 38. Qg8+ Kf5 39. Rxh5+ Ke4 40. Rxd5 Qxd5 41. Qh7+ f5 42. Qg7 Qd1+ 43. Kb2 b4 44. Qe5+ Kf3 45. h5 Qh1 46. Qh8 Kxg3 47. h6 Kxf4 48. h7 e5 49. Qg7 Qh3 50. a4 Qc3+ 51. Kb1 Qe1+ 52. Ka2 Qf2 53. Qh6+ Kg4 54. Kb2 Qd4+ 55. Kb1 Qg1+ 56. Ka2 Qf2 57. Qg7+ Kf4 58. Kb2 Qd4+ 59. Kb1 Qd1+ 60. Kb2 Qd4+ 61. Ka2 Qf2 62. Kb1 Qe1+ 63. Ka2 Qf2 64. Qh6+ Kg4 65. Kb2 1/2-1/2

[Event "SUI-chT"]
[Site "Switzerland"]
[Date "2022.09.18"]
[Round "7.1"]
[White "Bauer, Christian"]
[Black "Heimann, Andreas"]
[Result "1-0"]
[WhiteElo "2596"]
[BlackElo "2575"]
[PlyCount "61"]
[EventDate "2022.05.01"]
[EventType "team-tourn"]
[EventRounds "9"]
[EventCountry "SUI"]
[SourceTitle "EXT 2023"]
[Source "ChessBase"]
[SourceDate "2022.10.05"]
[SourceVersion "1"]
[SourceVersionDate "2022.10.05"]
[SourceQuality "1"]
[WhiteTeam "Zuerich"]
[BlackTeam "Riehen"]
[WhiteTeamCountry "SUI"]
[BlackTeamCountry "SUI"]

1. c4 Nf6 2. Nc3 e5 3. Nf3 Nc6 4. g3 d5 5. cxd5 Nxd5 6. Bg2 Bc5 7. 0-0 0-0 8. d3 Re8 9. Bd2 Nxc3 10. Bxc3 Nd4 11. b4 Nxf3+ 12. Bxf3 Bd4 13. Bxd4 Qxd4 14. Qc2 c6 15. Rab1 Bg4 16. Bg2 a6 17. Rfc1 Rad8 18. Qb2 Be6 19. Rc5 f6 20. a4 Bd5 21. Bxd5+ Rxd5 22. Qb3 Kf8 23. Rbc1 Rxc5 24. bxc5 Re7 25. Rc4 Qd5 26. Qc2 Rd7 27. Qc3 h6 28. h4 Qe6 29. Kg2 h5 30. Re4 Rd4 31. Qxd4 1-0

[Event "Menorca op 1st"]
[Site "Ciutadella de Menorca"]
[Date "2022.04.24"]
[Round "7"]
[White "Vasquez Schroder, Rodrigo Rafael"]
[Black "Heimann, Andreas"]
[Result "1/2-1/2"]
[WhiteElo "2500"]
[BlackElo "2583"]
[PlyCount "41"]
[EventDate "2022.04.20"]
[EventType "swiss"]
[EventRounds "7"]
[EventCountry "ESP"]
[SourceTitle "CBM 207 Extra"]
[Source "ChessBase"]
[SourceDate "2022.05.31"]
[SourceVersion "1"]
[SourceVersionDate "2022.05.31"]
[SourceQuality "1"]

1. e4 e5 2. Nf3 Nc6 3. Bc4 Bc5 4. c3 Nf6 5. d3 d6 6. Bb3 a5 7. a4 0-0 8. 0-0 h6 9. Nbd2 Ba7 10. Nc4 Be6 11. Re1 Re8 12. Be3 Bxe3 13. Nxe3 d5 14. Qc2 Qd7 15. Rad1 d4 16. Bxe6 Rxe6 17. Nc4 b6 18. g3 Rd8 19. Kg2 Re7 20. h3 Qe6 21. Nfd2 1/2-1/2